000 00568nam a2200217Ia 4500
005 20250508165009.0
008 008 250505s9999 xx 000 0 hin d
020 _a81-85127-95-6
037 _aTextual
040 _aFEDL
_beng
_cFEDL
041 _ahin
_2hin
084 _a501, RAI
_qFEDL
100 _aRoy M N
245 0 _aVijnana aur darsana
260 _aBikaner, India
_bVagdevi Prakashan
_c1999
300 _a111p.
365 _aINR
_b95
546 _aTr of Science and philosophy
942 _cTEXL
_h501, RAI
999 _c1392555
_d1392555